| 000 | 00778nam a2200241 a 4500 | ||
|---|---|---|---|
| 005 | 20241012063833.0 | ||
| 008 | 991125s1993 ag 000 0 spa u | ||
| 020 | _a9507550836 | ||
| 035 | _aUPN01000033593 | ||
| 049 | _aF | ||
| 050 | 4 |
_aLB1715 _bL55 no.16 |
|
| 100 | 1 | _aPellegrino, Amalia | |
| 245 | 1 | 0 |
_aJugando con el volumen : _bde 2 a 6 años / _cAmalia Pellegrino, María Teresa Sarto. |
| 260 |
_aBuenos Aires : _bBraga, _c1993. |
||
| 300 |
_a42 p. : _bil. |
||
| 440 | 0 |
_aLineamientos. _pCuadernos de orientación educativa ; _v16 |
|
| 650 | 4 |
_aGeometría _xEstudio y enseñanza (Preescolar) _915257 |
|
| 650 | 4 |
_aVOLUMEN (MATEMATICAS) _917005 |
|
| 650 | 4 |
_aJuegos educativos _93952 |
|
| 700 | 1 |
_aSarto, María Teresa, _ecoaut. |
|
| 905 | _aLibro | ||
| 999 |
_c33593 _d33593 |
||